Statystyki dla Słownictwo dział 3

Kliknij tutaj aby rozwiązać quiz!

Ogólne statystyki

  • Ten quiz został rozwiązany 11 razy
  • Średni wynik to 30 z 238

Statystyki odpowiedzi

polskie słowo/zwrotangielskie tłumaczenie% Poprawnych
chemiachemistry
50%
prawolaw
50%
nieobecnyabsent
40%
stołówka, bufetcanteen
40%
medycynamedicine
40%
uniwersytetuniversity
40%
archeologiaarcheology
30%
dzownekbell
30%
biotechnologiabiotechnology
30%
szkoła średniahigh school
30%
fizykaphysics
30%
plac zabawplayground
30%
osoba nieobecnaabsentee
20%
uczelniaacademy
20%
apelassembly
20%
ocenaassessment
20%
na szaliat stake
20%
być kwestią czasube a matter of time
20%
być ciekawymbe curious
20%
być trudnym do wyobrażeniabe hard to imagine
20%
dręczyćbully
20%
kalkulatorcalculator
20%
doradca zawodowycareers adviser
20%
wożnycaretaker
20%
impreza charytatywnacharity event
20%
kolega z klasyclassmate
20%
asystent nauczycielaclassroom assistant
20%
kolegiumcollege
20%
szkoła przyjmująca wszystkich uczniówcomprehensive school
20%
podręcznikcoursebook
20%
praca okresowacoursework
20%
myślenie krytycznecritical thinking
20%
program nauczaniacurriculum
20%
termin wykonania pracydeadline
20%
dziekandean
20%
wicedyrektordeputy head
20%
kara po lekcjidetention
20%
dyktandodictation
20%
tablica interaktywnadigital whiteboard
20%
szkoła podstawowaelementary school
20%
wymiana wycieczkaexchange trip
20%
wydalenieexpulsion
20%
podrabiaćforge
20%
okienkofree period
20%
zbiórka funduszyfundraising event
20%
uzyskać słabe wynikiget poor results
20%
zostać zawieszonymget suspended
20%
wygłosić referat na tematgive a talk on
20%
globusglobe
20%
ocenagrade
20%
średnia ocengrade point average
20%
szkoła z egzaminem wstępnymgrammar school
20%
oddać pracę domowąhand in homework
20%
poręcznyhandy
20%
przewodnicznący samorządu szkolnegohead boy
20%
dyrektor ale inaczejheadmaster
20%
dyrektorhead teacher
20%
edukacja domowahomeschooling
20%
szkoła prywatnaindependent school
20%
pióro wieczneink pen
20%
wstąpić do klubujoin a club
20%
szkoła dla uczniów 13-15 latjunior high school
20%
przedszkolekindergarden
20%
wykładowcalecturer
20%
członekmember
20%
źle się zachowywaćmisbehave
20%
opuszczać lekcjemiss lessons
20%
żłobeknursery
20%
były uczeńold student
20%
opcjonalnyoptional
20%
rzutnikoverhead projector
20%
drugie śniadaniepacked lunch
20%
zdać śpiewającopass with flying colours
20%
stój sportowyPE kit
20%
wychowanie fizycznephysical education
20%
przewodniczący klasyprefect
20%
sieć szkół prywatnychpublic school system
20%
punktualnośćpunctuality
20%
uczeńpupil
20%
wznowić pracęresume one's work
20%
czesneschool fees
20%
zwolnienie z powodu chorobysick note
20%
socjologiasociology
20%
grono pedagogicznestaff
20%
pokój nauczycielskistaffroom
20%
dzielić uczniów na grupystream
20%
brać udział w czymśtake part in sth
20%
rozrabiakatearaway
20%
trening/szkolenietraining
20%
korepetytortutor
20%
korepetycjetutoring
20%
naukowe pomoce wizualnevisual aids
20%
wolontariatvoluntary work
20%
pracować w parachwork in pairs
20%
pracować nad projektemwork on a project
20%
napisać esejwrite an essay
20%
liczydłoabacus
10%
możliwość uczenia sięability to learn
10%
brytyjski odpowiednik maturyA levels
10%
wszechstronny rozwójall-round development
10%
architekturaarchitecture
10%
przedmioty artysztycznearts subjects
10%
uczęszczać na kursattend a course
10%
nagrodaaward
10%
licencjat na kierunku humanistycznymbachelor of arts
10%
licencjat w dziedzinie nauk ścisłychbachelor of science
10%
bankowość i finansebanking and finance
10%
szkoła z internatemboarding school
10%
prowadzić burzę mózgówbrainstorm ideas
10%
świadectwo, certyfikatcertificate
10%
kredachalk
10%
oszukiwaćcheat
10%
choreografiachoreography
10%
platforma oparta na chmurzecloud-based platform
10%
szkoła koedukacyjnacoeducational school
10%
świetlicacommon room
10%
cyrkielcompasses
10%
skupić się na czymśconcentrate on sth
10%
czas skupienia uwagiconcentration span
10%
wkuwać do czegoścram for sth
10%
urwać się z lekcjicut classes
10%
poszukiwać informacjido research
10%
egzamin semestralnyend-of-term exam
10%
egazmin na koniec rokuend-of-year exam
10%
inżynieriaengineering
10%
egzamin wstępnyentrance exam
10%
arkusz egzaminacyjnyexam paper
10%
dodatkowe lekcjeextra lessons
10%
teczkafolder
10%
języki obceforeign languages
10%
wychowawcaform tutor
10%
otrzymać stopień naukowyget a degree
10%
zostać przyłapanymget caught
10%
przedstawić prezentacjęgive a presentation
10%
wystawić ocenygive marks
10%
absolwentgraduate
10%
ukończyć studiagraduate from collage
10%
gabinet dyrektorahead teacher's office
10%
mazak fluorescencyjnyhighlighter
10%
dziurkaczhole punch
10%
nauki humanistycznehumanities
10%
poprawić szansę na zatrudnienieimprove employability
10%
informatykainformation technology
10%
wewnętrzna motywacjainner motivation
10%
dziennikarstwojournalism
10%
wiedzieć coś bardzo dobrzeknow sth inside out
10%
pracownialaboratory
10%
aulalecture hall
10%
szatnialocker room
10%
magister nauk humanistycznychmaster of arts
10%
uczyć się na pamięćmemorise
10%
technika ułatwiająca zapamiętywaniememory aid
10%
motywowaćmotivate
10%
obowiązkowyobligatory
10%
egzamin ustnyoral exam
10%
pozostawić w tyleoutperform
10%
uważaćpay attention
10%
egzamin próbnypractise exam
10%
rozdanie nagródprize-giving
10%
praca projektowaproject work
10%
zdobywanie wiedzypursuit of knowledge
10%
zgłosić kogośreport someone
10%
wycieczka szkolnaschool trip
10%
przedmioty ścisłescience subjects
10%
zarządzanie sobąself-management
10%
wewnętrzna motywacjaself-motivation
10%
wysyłaćsend out
10%
zadawać pracę domowąset homework
10%
ekierkaset square
10%
szkoła jednopłciowasingle-sex school
10%
nauki społecznesocial subjects
10%
boiskosports field
10%
psychologia sportusports psychology
10%
zszywaczstapler
10%
szkoła państwowastate school
10%
obóz letnisummer camp
10%
podejść do testutake a test
10%
robić notatkitake notes
10%
wziąć wolnetake time off
10%
konsultacjetutorial
10%
warsztatworkshop
10%
egazmin pisemnywritten exam
10%
absencjaabsenteeism
0%
wyniki w nauceacademic results
0%
być dodatkowym czymśadd to sth
0%
obecność na zajęciach/frekwencjaattendance
0%
należeć dobelong to
0%
być nieodłączym elementem czegośbe part and parcel of sth
0%
nie mieć sobie równychbe second to none
0%
przyczynić się do czyjegoś sukcesube the making of sb
0%
sprawdzić swoją pracęcheck your work
0%
przyczynić się do czegoścontribute to sth
0%
technikadesign and technology
0%
wykonać zadaną pracędo an assigment
0%
robić wszystko co w swojej mocydo one's utmost
0%
uczyć się zawodudo vocational training
0%
ekonomiaeconomic education
0%
nauka o ochronie środowiskaenviromental science
0%
otrzymać wyróżnienieget a distinction
0%
zdobyć cośget hold of sth
0%
otrzymać wynikiget results
0%
zmierzyć się z czymśget to grips with sth
0%
składać się na cośgo towards sth
0%
mieć pojęcie o czymśhave a clue
0%
usiąść do książekhit te books
0%
zidentyfikować swój styl uczenia sięidentify your learning style
0%
wdrożyćimplement
0%
szybko, dynamicznie rozwijać sięin leaps and bounds
0%
matura międzynarodowainternational baccalaureate
0%
harować jak wółkeep one's nose to the grindstone
0%
wziąć się do robotyknuckle down to sth
0%
marketing i zarządzaniemarketing and management
0%
medioznawstwomedia studies
0%
poza czyjąś strefą komfortuout of sb's comfort zone
0%
wpakować w cośpack sth into
0%
arkusz egzaminacyjny z poprzednich latpast paper
0%
rozwój osobistypersonal development
0%
zbierać informacjepick up information
0%
wagarowaćplay truant
0%
politologiapolitical science
0%
kątomierzprotactor
0%
wprowadzić plan w życieput a plan into action
0%
zdawać ponownieretake
0%
powtarzać do czegośrevise to sth
0%
poradzić sobie z czymś bez problemówsail through sth
0%
egzamin kończący naukęschool-leaving exam
0%
z trudem przebrnąćscrape through
0%
odbyć praktykiserve an apprenticeship
0%
wyznaczać sobie celeset goals
0%
ustawić sobie wysoko poprzeczkęset sb's sights high
0%
rozłożyć w czasiespace out
0%
zorganizować wydarzeniestage an event
0%
zmagać się z czymśstruggle with sth
0%
zrobić sobie rok przerwytake a gap year
0%
sprawdzać obecnośćtake a register
0%
szkoła zawodowavocational school
0%
zdobyć stypendiumwin a scholarship
0%
wraz z nadejściem czegoświth the advent of sth
0%

Rozkład punktacji

Percentyl według liczby udzielonych odpowiedzi

Procent ludzi z każdym wynikiem

Twoja historia wyników

Nie rozwiązałeś tego quizu